12-lead EKG confidence : (Record no. 60204)
[ view plain ]
| 000 -LEADER | |
|---|---|
| fixed length control field | 00528nam a2200169 4500 |
| 005 - DATE AND TIME OF LATEST TRANSACTION | |
| control field | 20260224091417.0 |
| 008 - FIXED-LENGTH DATA ELEMENTS--GENERAL INFORMATION | |
| fixed length control field | 260224b |||||||| |||| 00| 0 eng d |
| 020 ## - INTERNATIONAL STANDARD BOOK NUMBER | |
| International Standard Book Number | 978-0781739214 |
| 050 ## - LIBRARY OF CONGRESS CALL NUMBER | |
| Classification number | RC683.5.E5 |
| Item number | .G74 2003 |
| 100 ## - MAIN ENTRY--PERSONAL NAME | |
| Personal name | Green, Jacqueline M. |
| 245 ## - TITLE STATEMENT | |
| Title | 12-lead EKG confidence : |
| Remainder of title | step-by-step to mastery/ |
| 260 ## - PUBLICATION, DISTRIBUTION, ETC. (IMPRINT) | |
| Place of publication, distribution, etc | Philadelphia |
| Name of publisher, distributor, etc | Lippincott Williams & Wilkins |
| Date of publication, distribution, etc | 2003 |
| 300 ## - PHYSICAL DESCRIPTION | |
| Extent | xvii, 512 P.: |
| Other physical details | ill. |
| Dimensions | 24 cm |
| 500 ## - GENERAL NOTE | |
| General note | includes index |
| 700 ## - ADDED ENTRY--PERSONAL NAME | |
| Personal name | Chiaramida, Anthony J. |
| Relator term | (Author) |
| 942 ## - ADDED ENTRY ELEMENTS (KOHA) | |
| Source of classification or shelving scheme | Library of Congress Classification |
| Item type | Book |
| Withdrawn status | Lost status | Source of classification or shelving scheme | Damaged status | Not for loan | Collection code | Home library | Current library | Shelving location | Date acquired | Source of acquisition | Cost, normal purchase price | Total Checkouts | Full call number | Barcode | Date last seen | Copy number | Price effective from | Koha item type |
|---|---|---|---|---|---|---|---|---|---|---|---|---|---|---|---|---|---|---|
| Library of Congress Classification | Non-fiction | Bishop Okullu Memorial Library (Limuru Campus) | Bishop Okullu Memorial Library (Limuru Campus) | General Circulation | 24/02/2026 | Donation- Pittsburgh | 5612.00 | RC683.5.E5 .G74 2003 | 073141 | 24/02/2026 | 1 | 24/02/2026 | Book |